Sports Quiz

Random Sports or NHL Quiz
Score 0/20 Timer 04:00
0 Plays Today
Question Answer Wrong Answers
City: Atlanta Braves
89.3%
Blackhawks
2.2%
Indians
0.9%
Chiefs
0.7%
City: Kansas City Chiefs
88.9%
Braves
1.1%
Blackhawks
1.7%
Indians
0.7%
Team Name: Blackhawks Blackhawks
88.9%
Braves
1.7%
Indians
1.4%
Chiefs
0.8%
Team Name: Braves Braves
86.6%
Blackhawks
4%
Indians
1.2%
Chiefs
0.8%
City: Cleveland Indians
86.6%
Braves
1.7%
Blackhawks
4%
Chiefs
0.6%
Team Name: Chiefs Chiefs
86.1%
Braves
1.2%
Blackhawks
3.8%
Indians
1.7%
League: NHL Blackhawks
86%
Braves
2.6%
Indians
2.7%
Chiefs
1.4%
League: NFL Chiefs
85.6%
Braves
2.2%
Blackhawks
3.8%
Indians
1.6%
Home Venue: Arrowhead Stadium Chiefs
83.9%
Braves
3.3%
Blackhawks
3.9%
Indians
1.2%
City: Chicago Blackhawks
83.8%
Braves
2%
Indians
6%
Chiefs
0.8%
Team Name: Indians Indians
82.2%
Braves
2.1%
Blackhawks
7.4%
Chiefs
0.8%
Best Players: Denis Savard, Stan Mikita, Bobby Hull Blackhawks
81.6%
Braves
4.8%
Indians
3.4%
Chiefs
3%
League: MLB (National League) Braves
79.8%
Blackhawks
2.8%
Indians
9.1%
Chiefs
1.5%
Home Venue: United Center Blackhawks
79.7%
Braves
5.3%
Indians
4.3%
Chiefs
2.9%
Best Players: Hank Aaron, Warren Sphan, Eddie Matthews Braves
79.5%
Blackhawks
3.6%
Indians
6.9%
Chiefs
2.5%
Best Players: Len Dawson, Tony Gonzalez, Derrick Thomas Chiefs
76.3%
Braves
6.4%
Blackhawks
4%
Indians
5.8%
League: MLB (American League) Indians
72.4%
Braves
15.4%
Blackhawks
3.6%
Chiefs
1.4%
Home Venue: Progressive Field Indians
68.7%
Braves
13.4%
Blackhawks
4.2%
Chiefs
6%
Home Venue: Truist Park Braves
67.7%
Blackhawks
5.8%
Indians
13.5%
Chiefs
4.9%
Best Players: Tris Speaker, Nap Lajoie, Lou Boudreau Indians
64.1%
Braves
10.2%
Blackhawks
14.3%
Chiefs
4%
Remove Ads.
Support Sporcle.
Get the best of Sporcle when you Go Orange. This ad-free experience offers more features, more stats, and more fun while also helping to support Sporcle. Thank you for becoming a member.

You're not logged in!

Compare scores with friends on all Sporcle quizzes.
OR
Log In

Show Comments

Extras

Top Quizzes Today


Score Distribution

Your Account Isn't Verified!

In order to create a playlist on Sporcle, you need to verify the email address you used during registration. Go to your Sporcle Settings to finish the process.

Report this User

Report this user for behavior that violates our Community Guidelines.

Details: